000 00635cam a2200145 4500500
005 20260208005805.0
041 _afre
042 _adc
100 1 0 _aDottin-Orsini, Mireille
_eauthor
245 0 0 _aJennifer Waelti-Walters, Damned Women, Lesbians in French Novels, 1796-1996. Canada, McGill-Queen’s University Press, 2001. Un vol. 15,2 × 22,8 de 270 p.
260 _c2004.
500 _a21
786 0 _nRevue d'histoire littéraire de la France | 104 | 3 | 2004-06-01 | p. 687zn-738zn | 0035-2411
856 4 1 _uhttps://shs.cairn.info/revue-d-histoire-litteraire-de-la-france-2004-3-page-687zn?lang=fr&redirect-ssocas=7080
999 _c1653777
_d1653777